| 000 | 01325cab a2200313 4500 | ||
|---|---|---|---|
| 001 | ABS50853 | ||
| 008 | 090401t1994 xxu||||| |||| 00| 0 eng d | ||
| 035 | _a(Sirsi) u75074 | ||
| 041 | _aeng | ||
| 100 | _aTurner, N. | ||
| 245 | _aAssessing and managing the environmental risks of property ownership | ||
| 260 | _c1994 | ||
| 350 | _a0 | ||
| 490 |
_aProperty Management _v12(2) 1994, 4-15(12) |
||
| 520 | _aReviews the environmental risks of property ownership, in connection with contaminated land. Considers issues for landlords, tenants and purchasers. Evaluates the use of an environmental management system which will aid property managers assess the environmental performance of occupying tenants and will help potential purcahsers assess the potential environmental risk. Tabulates environmental offences, who is liable, penalty and potential landlord liability. | ||
| 650 | _aCAMBRIDGE WATER CO LTD V EASTERN COUNTIES LEATHER PLC | ||
| 650 | _aCONTAMINATED LAND | ||
| 650 | _aENVIRONMENTAL LIABILITY | ||
| 650 | _aENVIRONMENTAL RISK | ||
| 650 | _aLANDLORD LIABILITY | ||
| 650 |
_aProperty management _96262 |
||
| 690 | _aENVIRONMENTAL AND LAND CONSULTANCY | ||
| 690 | _aLAND | ||
| 700 | _aBennett, L. | ||
| 700 | _aPrescott, G. | ||
| 700 | _aGronow, S. | ||
| 942 | _n0 | ||
| 948 | _c04/03/1997 | ||
| 999 |
_c47299 _d47299 |
||